| 000 | 01159nam a2200289Ia 4500 | ||
|---|---|---|---|
| 003 | OSt | ||
| 005 | 20221005105827.0 | ||
| 006 | a|||||r|||| 00| 0 | ||
| 007 | ta | ||
| 008 | ORI | ||
| 020 |
_a8126021535 (hbk) _c1250 |
||
| 024 | _a93412 | ||
| 037 |
_b526, 19/03/2009, Vani Prakashan _cTextual |
||
| 040 |
_aCRL _cCRL _bORI |
||
| 041 |
_2ORI _aORI |
||
| 082 | _aO1591,3N14,AS, 152P7 | ||
| 100 | _aमहांती, गोपी नाथ | ||
| 245 | 0 | _aअमृत सन्तान | |
| 246 | _aAmṛut santāna | ||
| 260 |
_aनई दिल्ली _bसाहित्य अकादमी भारत _c2007 |
||
| 300 |
_a814पृ0 _ccm. |
||
| 490 | _aसाहित्य अकादमी द्वारा पुरस्कृत ओड़िसा उपन्यास | ||
| 650 | _aउड़िया साहित्य | ||
| 700 | _a नवलपुरी, युगजीत, अनु. | ||
| 942 |
_hO1591,3N14,AS, 152P7 _cTEXL _2cc |
||
| 999 |
_c1017014 _d1017014 |
||